[Event "HZ Chess Tournament 2022"]
[Site "Vlissingen, Netherlands"]
[Date "2022.08.12"]
[Round "8.1"]
[White "Lalith Babu M R"]
[Black "Ponomariov, Ruslan"]
[Result "1/2-1/2"]
[WhiteElo "2549"]
[BlackElo "2642"]
[PlyCount "42"]

1. d4 Nf6 2. c4 e6 3. Nf3 d5 4. Nc3 c6 5. Bg5 h6 6. Bxf6 Qxf6 7. e3 g6 8. Be2
Bg7 9. O-O Nd7 10. cxd5 exd5 11. b4 Qd6 12. b5 c5 13. dxc5 Nxc5 14. Nxd5 O-O
15. Rc1 Rd8 16. Qc2 b6 17. Nb4 Bf5 18. Qc4 Be6 19. Qc2 Bf5 20. Qc4 Be6 21. Qc2
Bf5 1/2-1/2

[Event "HZ Chess Tournament 2022"]
[Site "Vlissingen, Netherlands"]
[Date "2022.08.12"]
[Round "8.2"]
[White "Beerdsen, Thomas"]
[Black "Harsha Bharathakoti"]
[Result "0-1"]
[WhiteElo "2513"]
[BlackElo "2557"]
[PlyCount "106"]

1. e4 c5 2. Nf3 e6 3. d4 cxd4 4. Nxd4 Nc6 5. Nc3 Qc7 6. f4 a6 7. Nxc6 bxc6 8.
Bd3 d5 9. O-O Nf6 10. Qf3 Be7 11. Kh1 a5 12. e5 Nd7 13. f5 exf5 14. Bxf5 O-O
15. Qh3 g6 16. e6 Ne5 17. Bh6 Re8 18. Bf4 f6 19. Bxe5 Qxe5 20. Rae1 Qd4 21. Ne2
Qd2 22. Nf4 gxf5 23. Re3 Bf8 24. Rg3+ Bg7 25. Qxf5 Ra7 26. Qxf6 Qb4 27. Qf7+
Rxf7 28. exf7+ Kxf7 29. Nxd5+ Kg8 30. Nxb4 axb4 31. h3 Kh8 32. c3 bxc3 33. bxc3
Re7 34. Rd1 Re8 35. Rgd3 Kg8 36. Rd8 Kf7 37. Rxe8 Kxe8 38. a4 Ke7 39. Rd3 Ba6
40. Rf3 Kd6 41. Rf7 Bxc3 42. Rxh7 Bd3 43. Rh6+ Kc7 44. g4 c5 45. g5 c4 46. g6
Be4+ 47. Kg1 Bd4+ 48. Kf1 c3 49. Rh4 c2 50. Rxe4 c1=Q+ 51. Ke2 Qc2+ 52. Kf3
Qf2+ 53. Kg4 Qf6 0-1

[Event "HZ Chess Tournament 2022"]
[Site "Vlissingen, Netherlands"]
[Date "2022.08.12"]
[Round "8.3"]
[White "Vrolijk, Liam"]
[Black "Van den Doel, Erik"]
[Result "1-0"]
[WhiteElo "2464"]
[BlackElo "2591"]
[PlyCount "63"]

1. c4 c6 2. d4 d5 3. Nf3 Nf6 4. Nc3 e6 5. Bg5 Nbd7 6. e3 Qa5 7. Nd2 dxc4 8.
Bxf6 Nxf6 9. Nxc4 Qc7 10. Rc1 Bd6 11. f4 Be7 12. Bd3 Bd7 13. O-O c5 14. dxc5
Bxc5 15. Kh1 Qd8 16. e4 h5 17. e5 Ng4 18. Ne4 Qh4 19. h3 Bc6 20. Ncd6+ Bxd6 21.
Nxd6+ Kf8 22. Rxc6 bxc6 23. Qf3 Rb8 24. f5 Qe7 25. Qg3 exf5 26. hxg4 hxg4+ 27.
Kg1 g6 28. e6 Qh4 29. Qe5 Qh1+ 30. Kf2 Qh4+ 31. Ke2 fxe6 32. Rh1 1-0

[Event "HZ Chess Tournament 2022"]
[Site "Vlissingen, Netherlands"]
[Date "2022.08.12"]
[Round "8.4"]
[White "Baklan, Vladimir"]
[Black "Dhulipalla Bala Chandra Pr"]
[Result "1/2-1/2"]
[WhiteElo "2582"]
[BlackElo "2431"]
[PlyCount "71"]

1. e4 e5 2. Nf3 Nc6 3. Bb5 a6 4. Ba4 Nf6 5. O-O Be7 6. d3 b5 7. Bb3 d6 8. a4
Bd7 9. Bd2 b4 10. a5 O-O 11. h3 Rb8 12. c3 h6 13. Re1 Re8 14. Bc4 Qc8 15. d4
bxc3 16. Bxc3 exd4 17. Nxd4 Ne5 18. Bf1 Bf8 19. Nf3 Nxf3+ 20. Qxf3 Nh7 21. Nd2
Bb5 22. Re3 Be7 23. Rc1 Bg5 24. Bxb5 Rxb5 25. Rd3 Qb7 26. Qg3 Bf6 27. f3 Qa7+
28. Qf2 Qxf2+ 29. Kxf2 Bxc3 30. Rcxc3 Re7 31. Nb3 Nf6 32. Rc6 Re8 33. Rxc7 d5
34. exd5 Nxd5 35. Rc4 Reb8 36. Nd2 1/2-1/2

[Event "HZ Chess Tournament 2022"]
[Site "Vlissingen, Netherlands"]
[Date "2022.08.12"]
[Round "8.5"]
[White "Sorbe, Stephane"]
[Black "Ikonnikov, Vyacheslav"]
[Result "0-1"]
[WhiteElo "2353"]
[BlackElo "2493"]
[PlyCount "108"]

1. e4 c5 2. Nc3 Nc6 3. g3 g6 4. Bg2 Bg7 5. d3 d6 6. f4 Rb8 7. Nf3 b5 8. O-O b4
9. Ne2 Nf6 10. a3 Qb6 11. Kh1 b3 12. c3 c4 13. e5 cxd3 14. Ned4 Ne4 15. Be3 Nc5
16. exd6 exd6 17. f5 Bb7 18. Nxc6 Bxc6 19. Bxc5 Qxc5 20. Re1+ Be5 21. Qxd3 O-O
22. Rad1 Rfe8 23. fxg6 hxg6 24. Nxe5 dxe5 25. Bxc6 Qxc6+ 26. Kg1 Kg7 27. Qe3
Rb7 28. Rd2 Rd7 29. Red1 Rxd2 30. Rxd2 Re7 31. h4 f6 32. Qd3 Qb6+ 33. Kf1 e4
34. Qd6 Qb7 35. Rd5 e3 36. Ke2 Kf7 37. g4 a5 38. g5 fxg5 39. hxg5 Kg7 40. Qf6+
Kh7 41. Qf3 Qa6+ 42. Ke1 Qe6 43. Rd8 Re8 44. Qb7+ Kh8 45. Qh1+ Kg7 46. Rd4 Qf5
47. Qf1 Qxg5 48. Rf4 Qg3+ 49. Ke2 Qh2+ 50. Kd3 Qd2+ 51. Kc4 e2 52. Rf7+ Kg8 53.
Qf6 Rc8+ 54. Kxb3 Qd5+ 0-1

[Event "HZ Chess Tournament 2022"]
[Site "Vlissingen, Netherlands"]
[Date "2022.08.12"]
[Round "8.6"]
[White "Schoppen, Casper"]
[Black "Santiago, Yago De Moura"]
[Result "1/2-1/2"]
[WhiteElo "2507"]
[BlackElo "2490"]
[PlyCount "46"]

1. Nf3 Nf6 2. g3 e6 3. Bg2 d5 4. O-O g6 5. d4 Bg7 6. c4 O-O 7. Nc3 c6 8. b3
Nbd7 9. Qc2 Re8 10. Bb2 b6 11. e4 Nxe4 12. Nxe4 dxe4 13. Qxe4 Bb7 14. Rad1 Rc8
15. Ne5 Qe7 16. Rd2 Nf6 17. Qf3 Red8 18. Rfd1 Rc7 19. Qe3 Rdc8 20. h3 Rb8 21.
Bc3 Rbc8 22. Bb2 Rb8 23. Bc3 Rbc8 1/2-1/2

[Event "HZ Chess Tournament 2022"]
[Site "Vlissingen, Netherlands"]
[Date "2022.08.12"]
[Round "8.7"]
[White "Leenhouts, Koen"]
[Black "Jeanne, Mickael"]
[Result "1-0"]
[WhiteElo "2442"]
[BlackElo "2145"]
[PlyCount "65"]

1. d4 Nf6 2. c4 e6 3. Nc3 Bb4 4. a3 Bxc3+ 5. bxc3 c5 6. e3 Nc6 7. Bd3 d6 8. Ne2
b6 9. O-O Na5 10. e4 Qc7 11. Bg5 Nd7 12. Ng3 f6 13. Be3 g6 14. Qg4 Nf8 15. Qh4
Qf7 16. e5 f5 17. exd6 Nd7 18. Bh6 Nf6 19. Rfe1 Bd7 20. h3 Nb7 21. Qf4 O-O-O
22. a4 Bc6 23. d5 Bd7 24. a5 bxa5 25. Rab1 e5 26. Rxe5 Rde8 27. Bg5 Rhf8 28.
Re2 Rxe2 29. Nxe2 Re8 30. Qc1 Nxd6 31. Qa3 Nfe4 32. Bxe4 Nxe4 33. Qxa5 1-0

[Event "HZ Chess Tournament 2022"]
[Site "Vlissingen, Netherlands"]
[Date "2022.08.12"]
[Round "8.8"]
[White "Van Delft, Merijn"]
[Black "Honkoop, Gilian"]
[Result "1/2-1/2"]
[WhiteElo "2380"]
[BlackElo "2184"]
[PlyCount "143"]

1. e4 e5 2. Nf3 Nc6 3. Bb5 a6 4. Ba4 Nf6 5. O-O Be7 6. Re1 b5 7. Bb3 d6 8. c3
O-O 9. h3 Nb8 10. d4 Nbd7 11. Nbd2 c5 12. Nf1 Re8 13. Ng3 Bf8 14. a4 Bb7 15. d5
c4 16. Bc2 g6 17. Bg5 Nc5 18. Qd2 Bg7 19. Ra3 Qc7 20. Rea1 Reb8 21. Nh2 Bc8 22.
axb5 Rxb5 23. R3a2 Rab8 24. Qc1 h5 25. Nf3 Nh7 26. Be3 Qe7 27. Nd2 h4 28. Ngf1
Nb3 29. Bxb3 cxb3 30. Ra4 f5 31. f3 Bf6 32. Nh2 Bg5 33. Ndf1 Bxe3+ 34. Qxe3 f4
35. Qf2 Nf8 36. Nd2 Nd7 37. Nc4 Nc5 38. R4a3 g5 39. Kh1 Qc7 40. Na5 Bd7 41. Qe2
Kg7 42. Nf1 Kf8 43. Kh2 Kg7 44. Nd2 Kf8 45. Ndc4 Kg7 46. Rd1 Kf8 47. Nc6 Bxc6
48. dxc6 Rd8 49. Rd5 Ke7 50. Ra1 Qxc6 51. Rad1 Nb7 52. Qd3 Qc7 53. Rxb5 axb5
54. Na3 Nc5 55. Qxb5 Qb7 56. Qe2 Qa6 57. c4 Qa4 58. Rd5 Qb4 59. Qd1 Ne6 60. Rb5
Qa4 61. Qxb3 Qxb3 62. Rxb3 Nc5 63. Rb6 Rd7 64. Kg1 Ra7 65. Nb5 Ra1+ 66. Kf2
Nd3+ 67. Ke2 Nxb2 68. Nxd6 Ra2 69. Kf1 Ra1+ 70. Kf2 Ra2 71. Kf1 Ra1+ 72. Kf2
1/2-1/2

[Event "HZ Chess Tournament 2022"]
[Site "Vlissingen, Netherlands"]
[Date "2022.08.12"]
[Round "8.9"]
[White "Shakhverdian, William"]
[Black "Pham, Khoi"]
[Result "0-1"]
[WhiteElo "2046"]
[BlackElo "2376"]
[PlyCount "54"]

1. d4 Nf6 2. c4 e6 3. Nf3 d5 4. e3 c6 5. b3 Ne4 6. Bd3 Bb4+ 7. Nbd2 Nd7 8. O-O
f5 9. Bb2 Qf6 10. Qc1 O-O 11. Ba3 Bxa3 12. Qxa3 g5 13. Qb2 g4 14. Ne5 Qh4 15.
g3 Qh3 16. Rfd1 Nxf2 17. Rf1 Nxe5 18. dxe5 Nxd3 19. Qc3 dxc4 20. Nxc4 Nc5 21.
Nd6 Nd7 22. Rad1 Nb6 23. Qc5 Qh6 24. e4 Nd7 25. Qd4 c5 26. Nxf5 Rxf5 27. Qd6
Qe3+ 0-1

[Event "HZ Chess Tournament 2022"]
[Site "Vlissingen, Netherlands"]
[Date "2022.08.12"]
[Round "8.10"]
[White "Royal, Shreyas"]
[Black "Gijsen, William"]
[Result "1-0"]
[WhiteElo "2375"]
[BlackElo "2079"]
[PlyCount "61"]

1. d4 d5 2. c4 e6 3. Nf3 c6 4. Qc2 Nf6 5. g3 Be7 6. Bg2 O-O 7. O-O Nbd7 8. b3
Ne4 9. Nc3 f5 10. Bb2 Nxc3 11. Bxc3 Bf6 12. cxd5 cxd5 13. Rfc1 a5 14. Bb2 Be7
15. Ne1 a4 16. Nd3 Bd6 17. Bc3 Qe7 18. bxa4 Nb6 19. Nb2 Ba3 20. a5 Bxb2 21.
Qxb2 Nc4 22. Qb5 Qf6 23. e3 g5 24. Bb4 Rf7 25. Qe8+ Kg7 26. Rxc4 dxc4 27. Bd6
Kh6 28. h4 g4 29. f3 e5 30. fxg4 Qxd6 31. Qxf7 1-0

[Event "HZ Chess Tournament 2022"]
[Site "Vlissingen, Netherlands"]
[Date "2022.08.12"]
[Round "8.11"]
[White "Tiggelman, Rene"]
[Black "Klepke, Ricardo"]
[Result "0-1"]
[WhiteElo "2165"]
[BlackElo "2293"]
[PlyCount "84"]

1. Nf3 Nf6 2. c4 g6 3. Nc3 Bg7 4. d4 O-O 5. e4 d6 6. Be2 e5 7. O-O Na6 8. Re1
c6 9. h3 exd4 10. Nxd4 Nc5 11. Bf3 Nfd7 12. Be3 a5 13. Qc2 Re8 14. Rad1 Qf6 15.
Qc1 Ne6 16. Bg4 h5 17. Nxe6 fxe6 18. Be2 e5 19. Qd2 Bf8 20. Rf1 Qg7 21. a3 Nc5
22. f4 exf4 23. Rxf4 Nd7 24. Rdf1 Ne5 25. Bd4 Be7 26. c5 dxc5 27. Bxe5 Qxe5 28.
Bc4+ Be6 29. Bxe6+ Qxe6 30. Qe2 Rf8 31. g4 Rxf4 32. Rxf4 Bd6 33. Rf2 Be5 34.
Kg2 hxg4 35. hxg4 Kg7 36. Qf3 Rh8 37. Ne2 Rh2+ 38. Kg1 Rxf2 39. Kxf2 Bxb2 40.
Nf4 Qf7 41. a4 Be5 42. Nd3 Bd4+ 0-1

[Event "HZ Chess Tournament 2022"]
[Site "Vlissingen, Netherlands"]
[Date "2022.08.12"]
[Round "8.12"]
[White "Lohr, Maximilian"]
[Black "Bezemer, Arno"]
[Result "1-0"]
[WhiteElo "2112"]
[BlackElo "2278"]
[PlyCount "69"]

1. d4 Nf6 2. Nc3 d5 3. Bf4 c5 4. e3 cxd4 5. exd4 a6 6. Nf3 Nc6 7. Ne5 Bd7 8.
Be2 e6 9. a3 Qb6 10. Be3 Bd6 11. f4 O-O 12. Qd3 Qxb2 13. O-O Qb6 14. g4 Qc7 15.
g5 Bxe5 16. fxe5 Ne4 17. Nxe4 dxe4 18. Qxe4 Ne7 19. Bd3 Nf5 20. c4 Rfe8 21. a4
Rad8 22. a5 Bc8 23. Rf4 b5 24. axb6 Qxb6 25. Rb1 Qa7 26. Bf2 Qc7 27. Qf3 Re7
28. Qh3 g6 29. Rc1 Nxd4 30. Rxd4 Rxd4 31. Bxd4 Rd7 32. Qe3 Qd8 33. Bb6 Rxd3 34.
Bxd8 Rxe3 35. Rd1 1-0

[Event "HZ Chess Tournament 2022"]
[Site "Vlissingen, Netherlands"]
[Date "2022.08.12"]
[Round "8.13"]
[White "Duson, Robin"]
[Black "Grutter, Tim"]
[Result "0-1"]
[WhiteElo "2040"]
[BlackElo "2246"]
[PlyCount "102"]

1. d4 Nf6 2. c4 g6 3. Nc3 Bg7 4. e4 d6 5. Be2 O-O 6. Be3 Nc6 7. d5 Ne5 8. f4
Neg4 9. Bd2 Nh6 10. Nf3 c6 11. a4 e6 12. dxe6 Bxe6 13. Ng5 d5 14. cxd5 cxd5 15.
e5 d4 16. Nb5 d3 17. Bf3 Nd5 18. Ra3 a6 19. Nd6 Qb6 20. Rxd3 Nb4 21. Ra3 Qd4
22. Bxb4 Qxb4+ 23. Qd2 Qb6 24. a5 Qa7 25. Qf2 Qb8 26. O-O Nf5 27. Rd1 Nxd6 28.
Rxd6 Rc8 29. Nxe6 fxe6 30. Rd7 Rc1+ 31. Bd1 Bf8 32. Rc3 Rxc3 33. bxc3 Qc8 34.
Qd2 Qc5+ 35. Kh1 Qxa5 36. h3 Qb6 37. Bf3 Rb8 38. Be4 Qb5 39. Rc7 Bc5 40. c4
Qxc4 41. Bxb7 Qf1+ 42. Kh2 Qg1+ 43. Kg3 Be3 44. Qa2 Bxf4+ 45. Kg4 Qd1+ 46. Bf3
h5+ 47. Kxf4 Qd4+ 48. Kg5 Qxe5+ 49. Kxg6 Qf5+ 50. Kh6 Qf6+ 51. Kxh5 Rb5+ 0-1

[Event "HZ Chess Tournament 2022"]
[Site "Vlissingen, Netherlands"]
[Date "2022.08.12"]
[Round "8.14"]
[White "Van Wijk, Peter"]
[Black "Stillger, Bernhard"]
[Result "0-1"]
[WhiteElo "2016"]
[BlackElo "2245"]
[PlyCount "112"]

1. e4 c6 2. d4 d5 3. e5 Bf5 4. h4 Qc7 5. g4 Bd7 6. c3 e6 7. Bd3 c5 8. Nd2 Nc6
9. Ndf3 cxd4 10. cxd4 Nb4 11. Bb1 Rc8 12. Bd2 Bb5 13. Bc3 Qc4 14. Ne2 Nd3+ 15.
Bxd3 Qxd3 16. Qxd3 Bxd3 17. Ng3 Nh6 18. g5 Nf5 19. Nxf5 Bxf5 20. Ke2 Kd7 21.
Rac1 Be7 22. Bd2 Bc2 23. Ne1 Be4 24. f3 Rxc1 25. Bxc1 Bf5 26. Ng2 Bb1 27. a3
Rc8 28. Bd2 Ba2 29. Rc1 Rxc1 30. Bxc1 Kc6 31. Ne3 Bb1 32. Kd2 Bg6 33. Nf1 Bh5
34. f4 b5 35. b4 f6 36. Kc3 Kd7 37. Ng3 Bg4 38. Bd2 Ke8 39. Kd3 Kf7 40. Ke3 Kg6
41. Kf2 h6 42. exf6 gxf6 43. gxh6 f5 44. Ne2 Bxe2 45. Kxe2 Kxh6 46. Be1 Kh5 47.
Kf3 Bxh4 48. Bc3 a6 49. Bd2 Bf6 50. Be3 Kh4 51. Bg1 Kh3 52. Bf2 Bh4 53. Bg1 Be1
54. Ke2 Kg2 55. Be3 Bc3 56. Kd3 Kf3 0-1

[Event "HZ Chess Tournament 2022"]
[Site "Vlissingen, Netherlands"]
[Date "2022.08.12"]
[Round "8.15"]
[White "Saketh, Pedagandham"]
[Black "Nieuwelink, Kees"]
[Result "1-0"]
[WhiteElo "1947"]
[BlackElo "2200"]
[PlyCount "59"]

1. e4 e5 2. Nf3 Nc6 3. d4 exd4 4. Nxd4 Nf6 5. Nc3 Bc5 6. Be3 Bb6 7. Qd2 O-O 8.
O-O-O Re8 9. f3 d5 10. exd5 Nxd5 11. Bg5 Nde7 12. Nxc6 Qxd2+ 13. Bxd2 Nxc6 14.
Nd5 Be6 15. Nxb6 axb6 16. a3 Na5 17. Bf4 Re7 18. Bd3 f6 19. Rhe1 Rae8 20. b4
Nc6 21. Rxe6 Rxe6 22. Bc4 Ne5 23. Bxe5 fxe5 24. Rd7 Kf8 25. Bxe6 Rxe6 26. Rxc7
e4 27. fxe4 Rxe4 28. Rxb7 Re2 29. Rxb6 Rxg2 30. a4 1-0

[Event "HZ Chess Tournament 2022"]
[Site "Vlissingen, Netherlands"]
[Date "2022.08.12"]
[Round "8.16"]
[White "Van der Zalm, Marnix"]
[Black "Grochal, Joey"]
[Result "0-1"]
[WhiteElo "2088"]
[BlackElo "2290"]
[PlyCount "50"]

1. d4 Nf6 2. Nf3 d5 3. c4 c6 4. Nc3 e6 5. e3 Nbd7 6. Bd3 dxc4 7. Bxc4 b5 8. Bb3
Bb7 9. O-O a6 10. a4 b4 11. Ne2 c5 12. Ng3 h5 13. d5 Bxd5 14. Bxd5 exd5 15. e4
dxe4 16. Nf5 g6 17. Nd6+ Bxd6 18. Qxd6 Qe7 19. Qc7 exf3 20. Bh6 Ne5 21. Qxe7+
Kxe7 22. Bg5 Ke6 23. Rfe1 Kf5 24. h4 Rhe8 25. Rad1 Rad8 0-1

[Event "HZ Chess Tournament 2022"]
[Site "Vlissingen, Netherlands"]
[Date "2022.08.12"]
[Round "8.17"]
[White "Ollenberger, Roland"]
[Black "Marzano, Carlo"]
[Result "1-0"]
[WhiteElo "2256"]
[BlackElo "2104"]
[PlyCount "115"]

1. e4 d5 2. Nc3 d4 3. Nce2 e5 4. Nf3 f6 5. Ng3 Be6 6. Bb5+ c6 7. Ba4 Na6 8. Bb3
Bxb3 9. axb3 d3 10. O-O Nb4 11. Ne1 dxc2 12. Nxc2 Nd3 13. Ne1 Nxc1 14. Qxc1 Nh6
15. Nf3 Qb6 16. Qc4 O-O-O 17. Ne2 Kb8 18. h3 Qc7 19. Rfc1 Nf7 20. d4 exd4 21.
Nfxd4 Ne5 22. Qc3 Qb6 23. Ra4 c5 24. Nf3 Rd3 25. Nxe5 Rxc3 26. Nd7+ Kc7 27.
Nxb6 Rxc1+ 28. Nxc1 Kxb6 29. Ne2 Bd6 30. f4 a6 31. Kf2 Kc6 32. Ke3 Rd8 33. Ra1
Bc7 34. h4 h5 35. Nc3 Rd7 36. Rd1 Rxd1 37. Nxd1 b5 38. Kf3 g6 39. g4 Kd7 40.
Ne3 Ba5 41. f5 gxf5 42. exf5 hxg4+ 43. Nxg4 Ke7 44. Ke4 Be1 45. h5 a5 46. Kd5
c4 47. bxc4 b4 48. h6 Kf7 49. c5 a4 50. Kc4 b3 51. c6 Ba5 52. h7 Kg7 53. Nxf6
Kh8 54. Nd5 a3 55. Kxb3 axb2 56. Kxb2 Kxh7 57. c7 Bxc7 58. Nxc7 1-0

[Event "HZ Chess Tournament 2022"]
[Site "Vlissingen, Netherlands"]
[Date "2022.08.12"]
[Round "8.18"]
[White "Laux, Dominik"]
[Black "Manshanden, Nick"]
[Result "1-0"]
[WhiteElo "2245"]
[BlackElo "2065"]
[PlyCount "67"]

1. e4 e5 2. Nf3 Nc6 3. Bc4 Bc5 4. c3 Nf6 5. d3 O-O 6. O-O d5 7. exd5 Nxd5 8.
Re1 Bg4 9. h3 Bh5 10. b4 Ndxb4 11. g4 e4 12. cxb4 Bxf2+ 13. Kxf2 exf3 14. Qxf3
Qd4+ 15. Be3 Qxa1 16. Nd2 Qc3 17. Ne4 Qa3 18. gxh5 Ne5 19. Nf6+ Kh8 20. Qf5
Qb2+ 21. Re2 Nxd3+ 22. Bxd3 Qxf6 23. Qxf6 gxf6 24. Bd4 Kg7 25. Kf3 Rad8 26.
Rg2+ Kh6 27. Be3+ Kxh5 28. Be2 Rg8 29. Kf4+ Kh4 30. Bg4 Rxg4+ 31. hxg4 Kh3 32.
Rd2 Rg8 33. Kf3 f5 34. g5 1-0

[Event "HZ Chess Tournament 2022"]
[Site "Vlissingen, Netherlands"]
[Date "2022.08.12"]
[Round "8.19"]
[White "De Jong, Tom"]
[Black "Le Clercq, Maxim"]
[Result "1-0"]
[WhiteElo "2191"]
[BlackElo "2049"]
[PlyCount "47"]

1. e4 c6 2. d4 d5 3. e5 Bf5 4. h4 h5 5. Bd3 Bxd3 6. Qxd3 e6 7. Bg5 Qa5+ 8. Nd2
c5 9. dxc5 Nd7 10. Ngf3 Nxc5 11. Qe2 Ne4 12. O-O Nxg5 13. Nxg5 Be7 14. c4 Bxg5
15. hxg5 Ne7 16. Rfd1 Qa6 17. Qf3 dxc4 18. Ne4 O-O 19. Qxh5 Rfd8 20. Nf6+ gxf6
21. gxf6 Nf5 22. g4 Rd4 23. gxf5 Rad8 24. Qg5+ 1-0

[Event "HZ Chess Tournament 2022"]
[Site "Vlissingen, Netherlands"]
[Date "2022.08.12"]
[Round "8.20"]
[White "Van der Kaap, Jos"]
[Black "Van de Poel, Taco"]
[Result "1-0"]
[WhiteElo "2187"]
[BlackElo "1818"]
[PlyCount "55"]

1. d4 Nf6 2. Nf3 g6 3. g3 Bg7 4. Bg2 c5 5. c3 cxd4 6. cxd4 d5 7. O-O O-O 8. Ne5
Bf5 9. Nc3 Ne4 10. Qb3 Nc6 11. Rd1 Nxd4 12. Rxd4 Nxc3 13. bxc3 Bxe5 14. Rxd5
Qc7 15. Bh6 Rfc8 16. Rb5 Qxc3 17. Rf1 Qxb3 18. axb3 Bg7 19. Bxg7 Kxg7 20. Rxb7
Kf6 21. e4 Be6 22. e5+ Kxe5 23. Rb5+ Kf6 24. Bxa8 Rxa8 25. Ra1 a6 26. Rb6 a5
27. Ra4 Kg7 28. b4 1-0

[Event "HZ Chess Tournament 2022"]
[Site "Vlissingen, Netherlands"]
[Date "2022.08.12"]
[Round "8.21"]
[White "Galle, Andre"]
[Black "Duchene, Rene"]
[Result "0-1"]
[WhiteElo "1999"]
[BlackElo "2170"]
[PlyCount "78"]

1. c4 e6 2. Nc3 d5 3. d4 c5 4. cxd5 exd5 5. Nf3 Nc6 6. g3 Nf6 7. Bg2 Be7 8. O-O
O-O 9. Bg5 c4 10. Ne5 Be6 11. f4 Ng4 12. Bxe7 Nxe7 13. Qd2 Nh6 14. h3 f6 15.
Nf3 Nhf5 16. Kh2 Nd6 17. Qe3 Bf7 18. g4 Re8 19. Qf2 Ne4 20. Nxe4 dxe4 21. Nd2
e3 22. Qxe3 Nd5 23. Qf2 Ne3 24. Bxb7 Rb8 25. Bc6 Qxd4 26. Bxe8 Rxe8 27. Nf3
Nxf1+ 28. Rxf1 Qxb2 29. Nd4 c3 30. g5 c2 31. Qg1 fxg5 32. fxg5 Bd5 33. g6 Qb8+
34. Qg3 Be4 35. gxh7+ Bxh7 36. Rc1 Rc8 37. Qxb8 Rxb8 38. Kg3 Rb1 39. Nb3 a5 0-1

[Event "HZ Chess Tournament 2022"]
[Site "Vlissingen, Netherlands"]
[Date "2022.08.12"]
[Round "8.22"]
[White "Lacrosse, Marc"]
[Black "Zevenhuizen, Daniel"]
[Result "0-1"]
[WhiteElo "2023"]
[BlackElo "2168"]
[PlyCount "98"]

1. d4 Nf6 2. c4 g6 3. Nc3 Bg7 4. e4 d6 5. Be2 O-O 6. Nf3 e5 7. Be3 Na6 8. O-O
Qe7 9. dxe5 dxe5 10. Nd5 Qd8 11. Qb1 Ng4 12. Bg5 f6 13. Bh4 g5 14. Bg3 c6 15.
Nc3 Qe7 16. a3 Nh6 17. b4 Nc7 18. c5 Ne6 19. Rd1 Kh8 20. Ra2 g4 21. Nh4 Nf4 22.
Bc4 f5 23. Nxf5 Nxf5 24. exf5 Bxf5 25. Ne4 Rad8 26. Rad2 Rxd2 27. Rxd2 h5 28.
Qe1 h4 29. Bxf4 exf4 30. f3 gxf3 31. gxf3 Bc3 32. Kf1 Bxd2 33. Qxd2 Bxe4 34.
Qd4+ Kh7 35. fxe4 Re8 36. Bd3 Kh6 37. Ke2 Qe5 38. Qd7 Re7 39. Qd8 Qf6 40. Kf3
Kg7 41. Bc4 Qe5 42. Qg8+ Kh6 43. Qf8+ Kg6 44. Kg4 h3 45. Qxf4 Qxe4 46. Bf7+ Kg7
47. Qxe4 Rxe4+ 48. Kf3 Rd4 49. Ke3 Rd1 0-1

[Event "HZ Chess Tournament 2022"]
[Site "Vlissingen, Netherlands"]
[Date "2022.08.12"]
[Round "8.24"]
[White "Cordes, Hans-Joerg"]
[Black "Bazilius, Augustinas"]
[Result "1/2-1/2"]
[WhiteElo "2154"]
[BlackElo "2045"]
[PlyCount "103"]

1. d4 Nf6 2. Nc3 g6 3. Bf4 d6 4. e4 c6 5. Qd2 Bg7 6. Bh6 Bxh6 7. Qxh6 e5 8. Nf3
Nbd7 9. Bc4 exd4 10. Nxd4 Ne5 11. Be2 Neg4 12. Qg5 Nxf2 13. O-O N2xe4 14. Nxe4
Nxe4 15. Qxd8+ Kxd8 16. Rxf7 Re8 17. Raf1 c5 18. Nb5 Ng5 19. Rf8 Ne6 20. Rxe8+
Kxe8 21. Re1 a6 22. Nxd6+ Ke7 23. Ne4 Bd7 24. Bg4 Rc8 25. Ng5 Rc6 26. Nxh7 Kd6
27. Rd1+ Ke7 28. Rxd7+ Kxd7 29. Nf8+ Ke7 30. Nxe6 Rd6 31. Nxc5 Rd2 32. Nxb7
Rxc2 33. a4 Rc4 34. Be2 Rxa4 35. Nc5 Ra2 36. Nxa6 Rxb2 37. Kf2 Kd6 38. Ke3 Rb3+
39. Kd2 Rb2+ 40. Ke3 Rb3+ 41. Kf2 Rb2 42. h4 Rb3 43. Bc4 Ra3 44. g3 Kc6 45. Be2
Rb3 46. g4 Kd6 47. g5 Rh3 48. Nb4 Rxh4 49. Nd3 Ra4 50. Ke3 Ra3 51. Bf3 Rxd3+
52. Kxd3 1/2-1/2

[Event "HZ Chess Tournament 2022"]
[Site "Vlissingen, Netherlands"]
[Date "2022.08.12"]
[Round "8.25"]
[White "Kools, Thomas"]
[Black "Boeren, Jurriaan"]
[Result "1/2-1/2"]
[WhiteElo "2135"]
[BlackElo "1840"]
[PlyCount "146"]

1. e4 e5 2. Nc3 Nf6 3. g3 d5 4. exd5 Nxd5 5. Bg2 Nxc3 6. bxc3 Bd6 7. Nf3 O-O 8.
O-O c6 9. Re1 Re8 10. d4 exd4 11. Rxe8+ Qxe8 12. cxd4 Bg4 13. h3 Bh5 14. Rb1
Qd7 15. c4 Na6 16. Qb3 Rb8 17. c5 Bc7 18. Bf1 b5 19. Bg2 Re8 20. Be3 Bg6 21.
Rd1 Be4 22. Ne5 Bxe5 23. dxe5 Qf5 24. Bxe4 Qxe4 25. Rd7 Qc4 26. Qxc4 bxc4 27.
Rxa7 Nb4 28. Ra4 Nc2 29. Bf4 Nd4 30. Kg2 Ne6 31. Rxc4 Nxf4+ 32. gxf4 f6 33. a4
fxe5 34. Re4 Kf7 35. fxe5 Ra8 36. f4 Ra5 37. f5 Rxc5 38. Kf3 Rc3+ 39. Kg4 c5
40. h4 c4 41. Rd4 Rc1 42. Rd7+ Kf8 43. Rc7 c3 44. f6 gxf6 45. exf6 c2 46. Kh5
Ra1 47. Rxc2 Rxa4 48. Rc7 Ra6 49. Kg5 Ra5+ 50. Kh6 Ra6 51. Kxh7 Rxf6 52. Rc8+
Kf7 53. h5 Rf5 54. h6 Rf6 55. Ra8 Rf1 56. Ra7+ Kf8 57. Ra6 Kf7 58. Rc6 Kf8 59.
Kh8 Kf7 60. Rb6 Rf3 61. Rb1 Rf6 62. Kh7 Kf8 63. Rg1 Kf7 64. Rg2 Kf8 65. Rh2 Kf7
66. Rh1 Kf8 67. Kh8 Kf7 68. h7 Kf8 69. Ra1 Rf3 70. Ra8+ Kf7 71. Rg8 Rf4 72. Rb8
Rf3 73. Rf8+ Kxf8 1/2-1/2

[Event "HZ Chess Tournament 2022"]
[Site "Vlissingen, Netherlands"]
[Date "2022.08.12"]
[Round "8.26"]
[White "Kalisvaart, Peter"]
[Black "Van der Hagen, Loek"]
[Result "1/2-1/2"]
[WhiteElo "1979"]
[BlackElo "2135"]
[PlyCount "87"]

1. d4 Nf6 2. Bg5 c5 3. Nc3 d5 4. Bxf6 gxf6 5. e4 Nc6 6. exd5 Nxd4 7. Nf3 Nf5 8.
Bb5+ Bd7 9. Qd3 Nd6 10. Bxd7+ Qxd7 11. O-O-O O-O-O 12. Kb1 Kb8 13. h3 h5 14.
Ne4 c4 15. Qd4 Nxe4 16. Qxe4 c3 17. bxc3 Qc7 18. Rd4 Qxc3 19. Rhd1 Rg8 20. Rc4
Qa5 21. Ra4 Qc5 22. Qf4+ Ka8 23. Ne1 Rxd5 24. Rxd5 Qxd5 25. Qd4 Qxd4 26. Rxd4
Kb8 27. Rd8+ Kc7 28. Re8 Rh8 29. c3 Kd7 30. Rb8 Kc7 31. Re8 b6 32. Kc2 Kd7 33.
Ra8 a5 34. Rb8 Kc6 35. Rc8+ Kd6 36. Rb8 Kc7 37. Re8 e5 38. Nd3 Kd6 39. Rb8 Kc6
40. Rc8+ Kd7 41. Rb8 Kc7 42. Re8 Kd7 43. Ra8 Kc6 44. Rc8+ 1/2-1/2

[Event "HZ Chess Tournament 2022"]
[Site "Vlissingen, Netherlands"]
[Date "2022.08.12"]
[Round "8.27"]
[White "Krause, Thomas"]
[Black "Groen, Jari"]
[Result "1-0"]
[WhiteElo "2129"]
[BlackElo "1800"]
[PlyCount "45"]

1. Nf3 e6 2. c4 d5 3. d4 c5 4. cxd5 exd5 5. Nc3 Nc6 6. e3 Nf6 7. Bb5 Bd6 8.
dxc5 Bxc5 9. O-O O-O 10. b3 Bg4 11. h3 Bh5 12. Bb2 Rc8 13. Rc1 a6 14. Be2 Ba7
15. Nd4 Nxd4 16. Bxh5 Nf5 17. Qf3 Nxe3 18. fxe3 Nxh5 19. Nxd5 Rxc1 20. Rxc1 g6
21. g4 Ng7 22. Rc8 Qh4 23. Nf6+ 1-0

[Event "HZ Chess Tournament 2022"]
[Site "Vlissingen, Netherlands"]
[Date "2022.08.12"]
[Round "8.28"]
[White "Mensing, Adrian"]
[Black "Bakker, Jouke"]
[Result "1-0"]
[WhiteElo "1969"]
[BlackElo "2113"]
[PlyCount "85"]

1. d4 d5 2. c4 c6 3. Nf3 Nf6 4. g3 Bf5 5. Nc3 e6 6. Qb3 Qb6 7. c5 Qxb3 8. axb3
Na6 9. Ra4 Nd7 10. Kd1 h6 11. b4 Nc7 12. Bf4 Nb5 13. Nxb5 cxb5 14. Ra5 a6 15.
h4 f6 16. h5 Kf7 17. Nh4 Bh7 18. Bh3 Be7 19. Ng6 Rhc8 20. Nxe7 Kxe7 21. Bd6+
Kf7 22. Kd2 Nb8 23. Bxb8 Raxb8 24. Rc1 Rc6 25. Ra3 Rd8 26. Re1 f5 27. Ke3 Kf6
28. Kf4 Bg8 29. Re3 Rc7 30. Re5 Bf7 31. g4 fxg4 32. Bxg4 b6 33. Rg1 a5 34. Ke3
axb4 35. cxb6 Rc2 36. Bxe6 Rxb2 37. b7 Rc2 38. Bc8 Rdxc8 39. bxc8=Q Rxc8 40.
Rg4 g5 41. hxg6 Bxg6 42. Rxd5 Bf5 43. Rf4 1-0